000
00352nam a2200157Ia 4500
003
OSt
005
20240329152401.0
008
170524s9999 xx 000 0 und d
020
_a
978-0143032199
040
_c
iimtu meerut
100
_a
Sethi-Bhargave
100
_c
2004
245
0
_a
Indian Economy
260
_a
SULTAN CHAND SONS
942
_2
ddc
_c
02
999
_c
2269
_d
2269